[Event "14. Open Diputación Málaga 2011"]
[Site "Malaga ESP"]
[Date "2011.05.02"]
[Round "6.5"]
[White "Castano, Henry Augusto"]
[Black "Camacho Collados, Marcos"]
[Result "1/2-1/2"]
[WhiteElo "2273"]
[BlackElo "2376"]
[PlyCount "59"]
[EventDate "2011.04.29"]
[EventType "swiss"]
[EventRounds "7"]
[EventCountry "ESP"]
[Source "lmi"]
[SourceDate "2011.04.29"]

1. e4 c5 2. Nf3 Nc6 3. d4 cxd4 4. Nxd4 Nf6 5. Nc3 e5 6. Ndb5 d6 7. Bg5 a6 8.
Na3 b5 9. Bxf6 gxf6 10. Nd5 Bg7 11. Bd3 Ne7 12. Nxe7 Qxe7 13. O-O O-O 14. Qf3
f5 15. exf5 d5 16. Qxd5 Bb7 17. Qb3 e4 18. Rfe1 Rfe8 19. Bf1 Qe5 20. c3 Qxf5
21. Nc2 Rab8 22. Ne3 Qg6 23. Rad1 Kh8 24. Nd5 Be5 25. g3 f5 26. Bg2 Red8 27.
Ne7 Qc6 28. Nd5 Qg6 29. Nc7 Qf6 30. Nd5 1/2-1/2

[Event "14. Open Diputación Málaga 2011"]
[Site "Malaga ESP"]
[Date "2011.05.02"]
[Round "6.6"]
[White "Quillan, Gary"]
[Black "Rioboo de la Riva, Alvaro"]
[Result "1-0"]
[WhiteElo "2383"]
[BlackElo "2210"]
[PlyCount "73"]
[EventDate "2011.04.29"]
[EventType "swiss"]
[EventRounds "7"]
[EventCountry "ESP"]
[Source "lmi"]
[SourceDate "2011.04.29"]

1. e4 e6 2. d4 d5 3. Nd2 Nf6 4. e5 Nfd7 5. c3 c5 6. Bd3 Nc6 7. Ne2 cxd4 8. cxd4
f6 9. exf6 Nxf6 10. O-O Bd6 11. Nf3 Qc7 12. Bg5 O-O 13. Rc1 h6 14. Bd2 g5 15.
b4 a6 16. a4 Ng4 17. b5 axb5 18. axb5 Bxh2+ 19. Kh1 Qf7 20. Neg1 Bxg1 21. Nxg1
Qh5+ 22. Nh3 Ra3 23. Be3 Nb4 24. Be2 Nxe3 25. fxe3 Qe8 26. Bh5 Qe7 27. Rxf8+
Qxf8 28. Rc7 Qd8 29. Qc1 Ra1 30. Qxa1 Qxc7 31. Nf2 Qc2 32. Ng4 Na2 33. Kh2 Qc7+
34. Ne5 Nc3 35. b6 Qxb6 36. Qxc3 Qd8 37. Qc2 1-0

[Event "14. Open Diputación Málaga 2011"]
[Site "Malaga ESP"]
[Date "2011.05.02"]
[Round "6.7"]
[White "Burgos Figueroa, Carlos E"]
[Black "Pap, Misa"]
[Result "1/2-1/2"]
[WhiteElo "2301"]
[BlackElo "2496"]
[PlyCount "88"]
[EventDate "2011.04.29"]
[EventType "swiss"]
[EventRounds "7"]
[EventCountry "ESP"]
[Source "lmi"]
[SourceDate "2011.04.29"]

1. Nf3 Nf6 2. g3 b5 3. a4 b4 4. c3 e6 5. Bg2 a5 6. d4 Bb7 7. Bg5 c5 8. Nbd2
bxc3 9. bxc3 cxd4 10. cxd4 Na6 11. e4 h6 12. Bxf6 Qxf6 13. O-O Bb4 14. e5 Qe7
15. Nc4 Nc7 16. Nfd2 Bxg2 17. Kxg2 O-O 18. Ne4 Nd5 19. Qd3 Rac8 20. Rac1 Rc6
21. Ne3 Rfc8 22. Rxc6 Rxc6 23. Qb5 Nc3 24. Nxc3 Rxc3 25. Rd1 Kh7 26. Rd3 Rc7
27. f4 Qd8 28. d5 Qc8 29. dxe6 dxe6 30. Rd4 Rc3 31. Rd3 Rc5 32. Qd7 Qa8+ 33.
Kh3 Qe4 34. Rb3 Bc3 35. Qxf7 Qxe3 36. Rb8 Qd3 37. Qg8+ Kg6 38. Qxe6+ Kh7 39.
Qg8+ Kg6 40. Qe6+ Kh7 41. Qg8+ Kg6 42. Qe6+ Kh7 43. Qg8+ Kg6 44. Qe6+ Kh7
1/2-1/2

[Event "14. Open Diputación Málaga 2011"]
[Site "Malaga ESP"]
[Date "2011.05.02"]
[Round "6.9"]
[White "Perez Garcia, Roberto"]
[Black "Garrido Dominguez, Jesus"]
[Result "1-0"]
[WhiteElo "2131"]
[BlackElo "2417"]
[PlyCount "77"]
[EventDate "2011.04.29"]
[EventType "swiss"]
[EventRounds "7"]
[EventCountry "ESP"]
[Source "lmi"]
[SourceDate "2011.04.29"]

1. d4 Nf6 2. Nf3 g6 3. g3 Bg7 4. Bg2 O-O 5. O-O d6 6. Re1 Nbd7 7. e4 e5 8. Nc3
c6 9. a4 Qc7 10. h3 Re8 11. Be3 Nf8 12. Qd2 Bd7 13. Rad1 b5 14. dxe5 dxe5 15.
Bc5 Qc8 16. Kh2 a5 17. b3 b4 18. Nb1 h6 19. Qe2 N6h7 20. Nbd2 Ne6 21. Be3 c5
22. Nc4 Qc7 23. Nfxe5 Bc8 24. f4 Nd4 25. Bxd4 cxd4 26. Nf3 Ba6 27. e5 Rac8 28.
Rxd4 Nf8 29. Qd2 Ne6 30. Rd7 Qc6 31. Ng5 Qc5 32. Nxf7 Rc7 33. Rxc7 Nxc7 34.
Nfd6 Rf8 35. Qe3 Qxe3 36. Nxe3 g5 37. Nd5 Ne8 38. Nxe8 Rxe8 39. Nc7 1-0

[Event "14. Open Diputación Málaga 2011"]
[Site "Malaga ESP"]
[Date "2011.05.02"]
[Round "6.10"]
[White "Camacho Collados, Jose"]
[Black "Montero Melendez, Rafael"]
[Result "0-1"]
[WhiteElo "2380"]
[BlackElo "2268"]
[PlyCount "128"]
[EventDate "2011.04.29"]
[EventType "swiss"]
[EventRounds "7"]
[EventCountry "ESP"]
[Source "lmi"]
[SourceDate "2011.04.29"]

1. Nf3 Nf6 2. c4 c6 3. d4 d5 4. g3 Bf5 5. Bg2 e6 6. O-O h6 7. Nc3 Nbd7 8. Nd2
Be7 9. e4 dxe4 10. Ndxe4 O-O 11. Re1 Nb6 12. b3 Qd7 13. a4 Rad8 14. Be3 Nxe4
15. Nxe4 Bxe4 16. Bxe4 Bb4 17. Re2 Bc3 18. Raa2 Nc8 19. a5 a6 20. Bh7+ Kh8 21.
Bb1 Bxd4 22. Rad2 c5 23. Bxd4 cxd4 24. Re4 Qc7 25. Rexd4 Rxd4 26. Rxd4 Qxa5 27.
Rd7 Qb4 28. Qd3 f5 29. Qd4 Qe1+ 30. Kg2 e5 31. Qc5 Re8 32. Bxf5 Qc3 33. Rc7 e4
34. Bxc8 Qf3+ 35. Kh3 e3 36. Bg4 Qxf2 37. Qd4 Qf1+ 38. Kh4 Qf8 39. Be2 Rd8 40.
Qe5 Re8 41. Qd4 Rd8 42. Qxe3 Re8 43. Qf3 Qd6 44. Rf7 Kg8 45. Rxb7 Qe6 46. Qd5
Qxd5 47. cxd5 Rxe2 48. d6 Rxh2+ 49. Kg4 Rd2 50. Rb6 a5 51. Kf5 Kf7 52. Ke5 h5
53. Rb7+ Ke8 54. Rxg7 Rd3 55. Rg5 Rxb3 56. Ke6 Re3+ 57. Kf6 a4 58. Kg6 Kd7 59.
Kxh5 Kxd6 60. g4 Re5 61. Rxe5 Kxe5 62. g5 a3 63. g6 Kf6 64. Kh6 a2 0-1

[Event "14. Open Diputación Málaga 2011"]
[Site "Malaga ESP"]
[Date "2011.05.02"]
[Round "7.2"]
[White "Rivas Pastor, Manuel"]
[Black "Khamrakulov, Ibragim S"]
[Result "1/2-1/2"]
[WhiteElo "2533"]
[BlackElo "2495"]
[PlyCount "26"]
[EventDate "2011.04.29"]
[EventType "swiss"]
[EventRounds "7"]
[EventCountry "ESP"]
[Source "lmi"]
[SourceDate "2011.04.29"]

1. d4 Nf6 2. c4 e6 3. Nf3 b6 4. g3 Ba6 5. Nbd2 c5 6. Bg2 Bb7 7. O-O cxd4 8.
Nxd4 Bxg2 9. Kxg2 Bc5 10. N2f3 O-O 11. Qd3 Nc6 12. Bf4 Nxd4 13. Nxd4 d5 1/2-1/2

[Event "14. Open Diputación Málaga 2011"]
[Site "Malaga ESP"]
[Date "2011.05.02"]
[Round "7.4"]
[White "Montero Melendez, Rafael"]
[Black "Quillan, Gary"]
[Result "0-1"]
[WhiteElo "2268"]
[BlackElo "2383"]
[PlyCount "80"]
[EventDate "2011.04.29"]
[EventType "swiss"]
[EventRounds "7"]
[EventCountry "ESP"]
[Source "lmi"]
[SourceDate "2011.04.29"]

1. c4 e5 2. g3 Nf6 3. Bg2 c6 4. d4 exd4 5. Qxd4 d5 6. Nf3 Be7 7. cxd5 cxd5 8.
O-O O-O 9. Nc3 Nc6 10. Qa4 Qb6 11. Qb5 d4 12. Qxb6 axb6 13. Nb5 Rd8 14. Rd1 Bc5
15. Nc7 Ra7 16. Bd2 Bf5 17. Nb5 Raa8 18. b4 Be7 19. Bf4 d3 20. e3 Nxb4 21. Nfd4
Be4 22. Bc7 Rdc8 23. Bh3 Re8 24. Bxb6 Nfd5 25. Bc7 Nc2 26. Rac1 Nxd4 27. Nxd4
Rxa2 28. Bf5 Bxf5 29. Nxf5 Ba3 30. Rc4 Rc2 31. Ra4 Nc3 32. Rxd3 Nxa4 33. Rxa3
Rxc7 34. Rxa4 Rc1+ 35. Kg2 Rb1 36. Nd6 Rb8 37. Rc4 b5 38. Rc7 b4 39. Nxf7 b3
40. Ne5 b2 0-1

[Event "14. Open Diputación Málaga 2011"]
[Site "Malaga ESP"]
[Date "2011.05.02"]
[Round "7.5"]
[White "Camacho Collados, Marcos"]
[Black "Perez Garcia, Roberto"]
[Result "1-0"]
[WhiteElo "2376"]
[BlackElo "2131"]
[PlyCount "81"]
[EventDate "2011.04.29"]
[EventType "swiss"]
[EventRounds "7"]
[EventCountry "ESP"]
[Source "lmi"]
[SourceDate "2011.04.29"]

1. e4 e6 2. d3 d5 3. Nd2 Nf6 4. Ngf3 Nc6 5. c3 a5 6. e5 Nd7 7. d4 Be7 8. Bb5
O-O 9. O-O Ncb8 10. Re1 b6 11. Bd3 Ba6 12. c4 c5 13. Qc2 h6 14. cxd5 Bxd3 15.
Qxd3 exd5 16. Nf1 Nc6 17. a3 cxd4 18. Qb5 Rc8 19. Qxd5 Nc5 20. Qc4 Ne6 21. Qb5
Bc5 22. Bd2 Qe8 23. Qd3 Be7 24. Rad1 Nc5 25. Qf5 Qd7 26. Qb1 a4 27. Ng3 Rfd8
28. Nh5 Qg4 29. Ng3 Qd7 30. h3 Nb3 31. Qe4 Nc5 32. Qb1 Nb3 33. Nf5 d3 34. Nxe7+
Nxe7 35. Bc3 Rc5 36. e6 fxe6 37. Ne5 Rxe5 38. Rxe5 Ng6 39. Re3 Nf4 40. Be5 Ne2+
41. Kh2 1-0

[Event "14. Open Diputación Málaga 2011"]
[Site "Malaga ESP"]
[Date "2011.05.02"]
[Round "7.6"]
[White "Torres Ventosa, Pedro Eugenio"]
[Black "Castano, Henry Augusto"]
[Result "1-0"]
[WhiteElo "2303"]
[BlackElo "2273"]
[PlyCount "85"]
[EventDate "2011.04.29"]
[EventType "swiss"]
[EventRounds "7"]
[EventCountry "ESP"]
[Source "lmi"]
[SourceDate "2011.04.29"]

1. e4 e5 2. Nf3 Nc6 3. Bb5 Bc5 4. d3 Nge7 5. c3 O-O 6. O-O d5 7. exd5 Qxd5 8.
Bc4 Qd8 9. h3 a6 10. a4 h6 11. Be3 Bd6 12. Nbd2 Nf5 13. Ne4 Nxe3 14. fxe3 Be7
15. b4 Kh8 16. b5 Na5 17. Nxe5 Nxc4 18. Nxc4 axb5 19. Ne5 Be6 20. axb5 Rxa1 21.
Qxa1 Qe8 22. c4 f6 23. Nf3 Qg6 24. Nh4 Qh5 25. Nf5 Bc5 26. Nxg7 Kxg7 27. Nxf6
Qg6 28. Nd7+ Kg8 29. Nxc5 Rxf1+ 30. Qxf1 Bf5 31. Qf3 b6 32. g4 Bc8 33. Qa8 Qe8
34. Ne4 Kg7 35. Qd5 Qe7 36. Qd4+ Kg6 37. Qh8 Qe6 38. Qd8 Bb7 39. Qxc7 Bxe4 40.
dxe4 Kg5 41. Qf4+ Kh4 42. g5+ Kh5 43. Qg4+ 1-0

[Event "14. Open Diputación Málaga 2011"]
[Site "Malaga ESP"]
[Date "2011.05.02"]
[Round "7.7"]
[White "Pap, Misa"]
[Black "Rioboo de la Riva, Alvaro"]
[Result "1-0"]
[WhiteElo "2496"]
[BlackElo "2210"]
[PlyCount "97"]
[EventDate "2011.04.29"]
[EventType "swiss"]
[EventRounds "7"]
[EventCountry "ESP"]
[Source "lmi"]
[SourceDate "2011.04.29"]

1. e4 c5 2. c3 Nf6 3. e5 Nd5 4. Nf3 Nc6 5. d4 cxd4 6. Bc4 Nb6 7. Bb3 d6 8. exd6
e6 9. cxd4 Bxd6 10. O-O O-O 11. Qe2 Be7 12. Rd1 Nd5 13. Nc3 Nxc3 14. bxc3 Qc7
15. Qe4 g6 16. Bh6 Rd8 17. Rac1 a5 18. a4 Bf6 19. h4 Ne7 20. Bg5 Nd5 21. Ne5
Be7 22. c4 Nb4 23. Bf4 Bd6 24. c5 Bxe5 25. Bxe5 Qe7 26. Qf4 Nd5 27. Bxd5 Rxd5
28. Rb1 f6 29. Bxf6 Qf7 30. g4 h5 31. g5 Qd7 32. Be5 Qf7 33. Qxf7+ Kxf7 34. Rd3
Rd7 35. Rf3+ Ke8 36. Rf6 Rg7 37. Rb3 Rg8 38. Bd6 Kd7 39. Rb6 Ke8 40. Kh2 Ra7
41. Kg3 Bd7 42. Bb8 Ra6 43. Rxb7 Bxa4 44. Bd6 Ra8 45. Rxe6+ Kd8 46. d5 Bc2 47.
Ree7 Bf5 48. c6 Kc8 49. Ra7 1-0

[Event "14. Open Diputación Málaga 2011"]
[Site "Malaga ESP"]
[Date "2011.05.02"]
[Round "7.8"]
[White "Duncan, Chris R"]
[Black "Aranaz Murillo, Amalia"]
[Result "1-0"]
[WhiteElo "2314"]
[BlackElo "2164"]
[PlyCount "65"]
[EventDate "2011.04.29"]
[EventType "swiss"]
[EventRounds "7"]
[EventCountry "ESP"]
[Source "lmi"]
[SourceDate "2011.04.29"]

1. Nf3 d5 2. d4 Nf6 3. c4 c6 4. Nc3 a6 5. Bg5 h6 6. Bh4 dxc4 7. a4 b5 8. axb5
cxb5 9. Nxb5 axb5 10. Rxa8 Bb7 11. Ra1 e5 12. e3 Bb4+ 13. Ke2 exd4 14. Qxd4 Qe7
15. Rd1 O-O 16. Bxf6 gxf6 17. Qg4+ Kh7 18. Qf5+ Kg7 19. Rd4 Bc8 20. Qc2 Nc6 21.
Rd1 Qc5 22. g4 c3 23. b3 Ba3 24. Rd3 Bb2 25. Rd4 Nxd4+ 26. Nxd4 Re8 27. Kd1
Bxg4+ 28. Be2 Bxe2+ 29. Qxe2 Ra8 30. Rg1+ Kh8 31. Kc2 b4 32. Qf3 Ra6 33. Qb7
1-0

[Event "14. Open Diputación Málaga 2011"]
[Site "Malaga ESP"]
[Date "2011.05.02"]
[Round "7.9"]
[White "Ruiz Gutierrez, Manuel"]
[Black "Burgos Figueroa, Carlos E"]
[Result "0-1"]
[WhiteElo "2193"]
[BlackElo "2301"]
[PlyCount "74"]
[EventDate "2011.04.29"]
[EventType "swiss"]
[EventRounds "7"]
[EventCountry "ESP"]
[Source "lmi"]
[SourceDate "2011.04.29"]

1. d4 Nf6 2. Nf3 c5 3. e3 e6 4. c4 b6 5. b3 Bb7 6. Bb2 Be7 7. Be2 O-O 8. O-O d5
9. cxd5 exd5 10. Nc3 Nbd7 11. Rc1 a6 12. Ne5 cxd4 13. exd4 Bd6 14. Nd3 Re8 15.
Bf3 Ne4 16. g3 f5 17. Bg2 Qf6 18. Ne2 Qh6 19. f4 Ndf6 20. Ne5 Bxe5 21. dxe5 Ng4
22. h3 Ne3 23. Qd4 Nxf1 24. Bxf1 Rac8 25. Kh2 Rxc1 26. Nxc1 Rc8 27. Bd3 Qe6 28.
Ne2 Nc5 29. Bb1 a5 30. g4 Ne4 31. gxf5 Qxf5 32. Qxb6 Qh5 33. Bd3 Bc6 34. Qa7
Qf3 35. e6 d4 36. Qf7+ Kh8 37. Bxd4 Nf6 0-1

[Event "14. Open Diputación Málaga 2011"]
[Site "Malaga ESP"]
[Date "2011.05.02"]
[Round "7.10"]
[White "Iagar, Razvan-Gabriel"]
[Black "Terron Elena, Francisco Miguel"]
[Result "1/2-1/2"]
[WhiteElo "2125"]
[BlackElo "2301"]
[PlyCount "41"]
[EventDate "2011.04.29"]
[EventType "swiss"]
[EventRounds "7"]
[EventCountry "ESP"]
[Source "lmi"]
[SourceDate "2011.04.29"]

1. d4 Nf6 2. c4 g6 3. Nf3 Bg7 4. g3 O-O 5. Bg2 d6 6. Nc3 Nbd7 7. O-O e5 8. e4
exd4 9. Nxd4 Re8 10. Re1 Nc5 11. h3 Bd7 12. Rb1 a6 13. b4 Ne6 14. Be3 Rb8 15.
f4 h5 16. Qd2 Nf8 17. Bf2 Qc8 18. Kh2 Bh6 19. Be3 c6 20. Rec1 Qc7 21. a3
1/2-1/2